Marxist modernism: (Record no. 1435869)

MARC details
000 -LEADER
fixed length control field 00936 a2200265 4500
005 - DATE AND TIME OF LATEST TRANSACTION
control field 20251119144743.0
008 - FIXED-LENGTH DATA ELEMENTS--GENERAL INFORMATION
fixed length control field 251119b |||||||| |||| 00| 0 eng d
020 ## - INTERNATIONAL STANDARD BOOK NUMBER
International Standard Book Number 9781804290118 (pbk)
037 ## - SOURCE OF ACQUISITION
Terms of availability TB
040 ## - CATALOGING SOURCE
Original cataloging agency CRL
Transcribing agency CRL
041 ## - LANGUAGE CODE
Source of code eng
Language code of text/sound track or separate title eng
084 ## - COLON CLASSIFICATION NUMBER
Classification number X:3M24xM18 R4
Assigning agency CRL
100 ## - MAIN ENTRY--PERSONAL NAME
Personal name Rose, Gillian
9 (RLIN) 822092
245 ## - TITLE STATEMENT
Title Marxist modernism:
Remainder of title introductory lectures on Frankfurt school critical theory
260 ## - PUBLICATION, DISTRIBUTION, ETC.
Place of publication, distribution, etc. London, UK;
-- New York, USA:
Name of publisher, distributor, etc. Verso,
Date of publication, distribution, etc. 2024.
300 ## - PHYSICAL DESCRIPTION
Extent xix, 152p.
365 ## - TRADE PRICE
Price amount 16.99
Currency code UKP
650 ## - SUBJECT ADDED ENTRY--TOPICAL TERM
Topical term or geographic name entry element Economics
9 (RLIN) 852344
650 ## - SUBJECT ADDED ENTRY--TOPICAL TERM
Topical term or geographic name entry element Marx, Karl
9 (RLIN) 852345
650 ## - SUBJECT ADDED ENTRY--TOPICAL TERM
Topical term or geographic name entry element Sociology
9 (RLIN) 852346
700 ## - ADDED ENTRY--PERSONAL NAME
Personal name Scott, Robert Lucas
Relator term editor.
9 (RLIN) 852347
700 ## - ADDED ENTRY--PERSONAL NAME
Personal name Finlayson, James Gordon
Relator term editor.
9 (RLIN) 852348
942 ## - ADDED ENTRY ELEMENTS (KOHA)
Koha item type Textbook
Source of classification or shelving scheme Colon Classification (CC)
Suppress in OPAC No
Classification part X:3M24xM18 R4
Holdings
Withdrawn status Lost status Source of classification or shelving scheme Damaged status Not for loan Home library Current library Date acquired Source of acquisition Cost, normal purchase price Inventory number Total Checkouts Full call number Barcode Date last seen Cost, replacement price Price effective from Koha item type
    Colon Classification (CC)     Central Library Central Library 2025-10-14 26/ Efficient Book Distributors 1623.98 9429 & 2025-10-01   X:3M24xM18 R4 CL1924000 2025-10-14 2029.97 2025-10-14 Textbook
Copyright @ Delhi University Library System